000 00713nam a2200229Ia 4500
001 5634
003 GE_BSU
008 181216s||||||||xx |||||||||||||| ||und||
040 _cGE_BSU
080 _a517.2(075.8)
100 _aКудрявцев, Л.Д.
245 _aМатематический анализ.
245 _bУчебник для студ. физических и инженрно-физических специальностей вузов
250 _aТ.1
260 _aМосква
260 _bВысшая школа
260 _c1970
300 _a588с..22см.
300 _eбиблиогр. с. 71
653 _aМатематический анализ.
942 _cBK
999 _c39075
_d39075